| 000 | 00389nam a2200157Ia 4500 | ||
|---|---|---|---|
| 005 | 20250704021732.0 | ||
| 008 | 240331s9999 xx 000 0 und d | ||
| 020 | _a9559542605 | ||
| 082 |
_bMAG _a954 |
||
| 100 | _aMaggonage,K.C | ||
| 245 | 0 | _aKirulu palandi ape meemoththo | |
| 260 |
_aDehiwala _bK.w. Janarajana _c1991 |
||
| 300 | _a87 p ., | ||
| 650 | _aSri Lanka - History | ||
| 942 | _cL | ||
| 999 |
_c5309 _d5309 |
||